00272nam a22000977a 450000500170000002000180001708200160003524500550005126000490010630000190015520260624125431.0 a9781009123365 a32701 REI/U aUnderstanding war and peace/cedited bu Dan Reiter a. - UKb: Cambridge University Pressc, 2024 axvii+445 pages